Online
Catalog

La otra vida del capitán Contreras / (Record no. 6770)

MARC details
000 -CABECERA
campo de control de longitud fija 00878cam a2200265 a 4500
001 - NÚMERO DE CONTROL
campo de control 000006986
005 - FECHA Y HORA DE LA ÚLTIMA TRANSACCIÓN
campo de control 20200929154034.0
008 - DATOS DE LONGITUD FIJA--INFORMACIÓN GENERAL
campo de control de longitud fija 810323s1957 sp 000 1 spa c
035 ## - NÚMERO DE CONTROL DEL SISTEMA
Número de control de sistema (DLC)a 54000075
035 ## - NÚMERO DE CONTROL DEL SISTEMA
Número de control de sistema (OCoLC)7253572
040 ## - FUENTE DE LA CATALOGACIÓN
Centro catalogador/agencia de origen DO-SdBNP
Lengua de catalogación spa
Centro/agencia transcriptor OCl
Centro/agencia modificador DLC
-- BNPHU
082 ## - NÚMERO DE LA CLASIFICACIÓN DECIMAL DEWEY
Número de clasificación 863.64
Número de documento/Ítem L931o, 1957.
049 ## - FONDOS LOCALES (OCLC)
Fondos de biblioteca BNGR
100 1# - ENTRADA PRINCIPAL--NOMBRE DE PERSONA
Nombre de persona Luca de Tena, Torcuato.
Forma completa/desarrollada del nombre (Torcuato Luca de Tena Brunet),
Títulos y otros términos asociados al nombre 1923-1999.
9 (RLIN) 19428
245 13 - MENCIÓN DE TÍTULO
Título La otra vida del capitán Contreras /
Mención de responsabilidad, etc. Torcuato Luca de Tena.
250 ## - MENCIÓN DE EDICIÓN
Mención de edición 3a ed.
260 ## - PUBLICACIÓN, DISTRIBUCIÓN, ETC.
Lugar de publicación, distribución, etc. Barcelona :
Nombre del editor, distribuidor, etc. Destino,
Fecha de publicación, distribución, etc. 1957.
300 ## - DESCRIPCIÓN FÍSICA
Extensión 271 p. ;
Dimensiones 19 cm.
490 1# - MENCIÓN DE SERIE
Mención de serie Ancora y delfín
Designación de volumen o secuencia 85
600 10 - PUNTO DE ACCESO ADICIONAL DE MATERIA--NOMBRE DE PERSONA
Nombre de persona CONTRERAS, ALONSO DE,
Fechas asociadas al nombre 1582-1641.
9 (RLIN) 19429
650 #4 - PUNTO DE ACCESO ADICIONAL DE MATERIA--TÉRMINO DE MATERIA
Término de materia o nombre geográfico como elemento de entrada Novela historica española
9 (RLIN) 6177
650 #4 - PUNTO DE ACCESO ADICIONAL DE MATERIA--TÉRMINO DE MATERIA
Término de materia o nombre geográfico como elemento de entrada Litaratura española
Subdivisión cronológica SIGLO XX
9 (RLIN) 19430
830 #0 - PUNTO DE ACCESO ADICIONAL DE SERIE-TÍTULO UNIFORME
Título uniforme Ancora y delfín ;
Designación de volumen o secuencia 85
9 (RLIN) 19431
910 ## - DATOS DE OPCIÓN DEL USUARIO (OCLC)
Datos de opción del usuario Catalogación derivada
Holdings
Estado de retiro Estado de pérdida Restricciones de uso No para préstamo Código de colección Localización permanente Ubicación/localización actual Ubicación en estantería Fecha de adquisición Número de inventario Total de préstamos Signatura topográfica completa Código de barras Fecha visto por última vez Precio válido a partir de Tipo de ítem Koha
    Préstamo interno   Monografías: Libros y Folletos General General En catalogación 03.09.2009 LF1   863.64 L931o, 1957. 6986-10 25.06.2020 25.06.2020 Préstamo interno

Powered by Koha